000 01435cam a22004454i 4500
003 PE-LiUPU
005 20250731173505.0
008 150616s1980 flu r 000 0 spa d
035 _a(Sirsi) a7043
040 _aPE-LiUPU
_bspa
_cPE-LiUPU
_erda
049 _aPRUA
082 0 4 _a253.7
_bR84
_221
100 1 _aRosso, Dante N.,
_eautor.
245 1 0 _aManual de evangelismo personal /
_cDante N. Rosso.
264 1 _aFlorida :
_bColegio bíblico de Florida,
_c1980.
300 _a190 páginas ;
_c21 centímetros
336 _atext
_2rdacontent
337 _aunmediated
_2rdamedia
338 _avolume
_2rdacarrier
505 0 _aManual de evangelismo personal
526 _aSEG42
526 _aSEG41
526 _aSEG40
526 _aSEG39
526 _aP94
526 _aP87
526 _aP86
526 _aP85
526 _aP77
526 _aP76
526 _aP35
650 0 4 _aEvangelismo.
_9953
910 _ajck
_bjvq
_cjck
942 _2ddc
_cBOOK
949 _a253.7 R84
_wDEWEY
_c1
_i20191
_lCCODEBUL1
_mBUL
_p00.00
_r0
_sY
_tBOOK
_u2015-04-23
_xBIBLIOTECA
_zUNKNOWN
_0COMPRA
_o.STAFF. Colección General
994 _aC0
_bPEPRU
596 _a1
999 _a253.7 R84
_wDEWEY
_c58243
_i20191
_d58243
_e2017-4-28
_f2021-11-12
_g5
_lCCODEBUL1
_mBUL
_n1
_p24.90
_q1
_r0
_sY
_tBOOK
_u2015-4-23
_xTEOLOGIA
_PP35
_0COMPRA
_o.STAFF. Colección Teología
980 _81
_gALBERTO SANCHEZ Responsable de Automatización